United States Postage Stamps of the Twentieth Century, The (Record no. 1073)

000 -LEADER
fixed length control field 00309nam a22001217a 4500
003 - CONTROL NUMBER IDENTIFIER
control field OSt
008 - FIXED-LENGTH DATA ELEMENTS--GENERAL INFORMATION
fixed length control field 150301b xxu||||| |||| 00| 0 eng d
041 ## - LANGUAGE CODE
Language code of text/sound track or separate title eng
100 1# - MAIN ENTRY--PERSONAL NAME
Personal name Johl, Max G.
245 10 - TITLE STATEMENT
Title United States Postage Stamps of the Twentieth Century, The
246 10 - VARYING FORM OF TITLE
Title proper/short title Volume One 1901 - 1922
300 ## - PHYSICAL DESCRIPTION
Extent 0 pages

No items available.

Powered by Koha